[La caridad romana] (Record no. 102927)

MARC details
000 -LEADER
campo de control de longitud fija 01762nka a2200349 i 4500
001 - NÚMERO DE CONTROL
campo de control 102927
003 - IDENTIFICADOR DE NÚMERO DE CONTROL
campo de control ES-MaACL
005 - FECHA Y HORA DE LA ÚLTIMA TRANSACCIÓN
campo de control 20250822063149.0
007 - CAMPO FIJO DE DESCRIPCIÓN FÍSICA--INFORMACIÓN GENERAL
campo de control de longitud fija t|
008 - DATOS DE LONGITUD FIJA--INFORMACIÓN GENERAL
campo de control de longitud fija 051220e1809 sp f | |r||1c|spa d
100 1# - ENTRADA PRINCIPAL--NOMBRE DE PERSONA
Nombre de persona López Enguídanos, Tomás,
Fechas asociadas al nombre 1773-1814
Término indicativo de función/relación Grabador
9 (RLIN) 73620
245 14 - MENCIÓN DEL TÍTULO
Título [La caridad romana]
Medio [Material gráfico] /
Mención de responsabilidad, etc. Bartolomé Murillo lo pintó ; José Martínez lo dibuxó ; Tomás López Enguídanos lo grabó en Madrid año 1809
260 ## - PUBLICACIÓN, DISTRIBUCIÓN, ETC.
Lugar de publicación, distribución, etc. [Madrid] :
Nombre del editor, distribuidor, etc. se halla en la Real Calcografía,
Fecha de publicación, distribución, etc. [1809]
300 ## - DESCRIPCIÓN FÍSICA
Extensión 1 estampa :
Otras características físicas grabado calcográfico ;
Dimensiones 460 x 520 mm
490 1# - MENCIÓN DE SERIE
Mención de serie Colección facticia de grabados ;
Designación de volumen o secuencia 8
500 ## - NOTA GENERAL
Nota general Inscripción: "La Caridad romana en el exemplo de Cimona para con su padre. Quadro célebre de Bartolome Murillo, natural de Sevilla"
520 ## - RESUMEN, ETC.
Sumario, etc. Un viejo encadenado, con las manos esposadas hacia atrás, succiona del pecho de una joven dama, quien mira con gesto preocupado hacia el exterior de la estancia en la que se desarrolla el suceso
530 ## - NOTA DISPONIBLE DE FORMULARIO FÍSICO ADICIONAL
Nota de formato físico adicional disponible Disponible en formato digital
650 #7 - PUNTO DE ACCESO ADICIONAL DE MATERIA--TÉRMINO DE MATERIA
Término de materia o nombre geográfico como elemento de entrada Caridad romana
Fuente del encabezamiento o término embne
9 (RLIN) 241808
655 #7 - TERMINO DE INDIZACIÓN--GENERO/FORMA
Datos o término principal de género/forma Grabados calcográficos
Fuente del término tgfbne
9 (RLIN) 241761
655 #7 - TERMINO DE INDIZACIÓN--GENERO/FORMA
Datos o término principal de género/forma Grabados
Fuente del término tgfbne
9 (RLIN) 226846
655 #4 - TERMINO DE INDIZACIÓN--GENERO/FORMA
Datos o término principal de género/forma Reproducciones de obras de arte
9 (RLIN) 241931
700 1# - ENTRADA AGREGADA--NOMBRE PERSONAL
Nombre de persona Murillo, Bartolomé Esteban,
Fechas asociadas al nombre 1617-1682
Término indicativo de función/relación Artista
9 (RLIN) 84581
700 1# - ENTRADA AGREGADA--NOMBRE PERSONAL
Nombre de persona Martínez, José,
Fechas asociadas al nombre s. XIX
Término indicativo de función/relación Dibujante
9 (RLIN) 77769
710 2# - ENTRADA AGREGADA--NOMBRE DE ENTIDAD CORPORATIVA
Nombre de entidad corporativa o nombre de jurisdicción como elemento de entrada Calcografía de la Imprenta Real
Término indicativo de función/relación Editor
9 (RLIN) 241806
830 #0 - PUNTO DE ACCESO ADICIONAL DE SERIE-TÍTULO UNIFORME
Título uniforme Colección facticia de grabados ;
Designación de volumen o secuencia 8
9 (RLIN) 184692
852 4# - LOCALIZACIÓN
Ubicación ES-MaACL
Ubicación en estantería Depósito 2
Número de control de estantería GF-2(8)
856 4# - LOCALIZACIÓN Y ACCESO ELECTRÓNICOS
Identificador Uniforme de Recursos <a href="https://bdh-rd.bne.es/viewer.vm?id=0000023834&page=1">https://bdh-rd.bne.es/viewer.vm?id=0000023834&page=1</a>
Texto de enlace Versión en línea
Nota pública (Biblioteca Digital Hispánica)
942 ## - ELEMENTOS DE ENTRADA SECUNDARIOS (KOHA)
Fuente del sistema de clasificación o colocación Clasificación decimal universal
Tipo de ítem Koha Grabado
Suprimir en OPAC No
Holdings
Estatus retirado Estado de pérdida Fuente del sistema de clasificación o colocación Estado de daño No para préstamo Colección Biblioteca de origen Biblioteca actual Ubicación en estantería Fecha de adquisición Total de préstamos Signatura topográfica completa Código de barras Visto por última vez Tipo de ítem Koha
    Clasificación decimal universal     Colección digital Biblioteca del Ateneo de Madrid Biblioteca del Ateneo de Madrid Depósito 2 17/01/2008   GF-2(8) 1107463 23/02/2023 Grabado